| 000 | 01173aam a2200313ui 4500 | ||
|---|---|---|---|
| 001 | 011953447 | ||
| 003 | EG-ScBUE | ||
| 005 | 20240404113504.0 | ||
| 008 | 860728s1985 enkac f 001 0beng d | ||
| 020 | _a0393302318 (pbk) : | ||
| 020 | _a9780393302318 | ||
| 040 |
_aUk _beng _erda _cUk _dEG-ScBUE |
||
| 082 | 0 | 4 |
_a944.36 _222 _bFIT |
| 100 | 1 |
_aFitch, Noel Riley, _d1937- _eauthor. _933931 |
|
| 245 | 1 | 0 |
_aSylvia beach and the lost generation : _ba history of literary Paris in the twenties and thirties / _cNoel Riley Fitch. |
| 264 | 1 |
_aNew York ; _aLondon : _bW. W. Norton & Company, _c1985. |
|
| 300 |
_a447 pages : _billustrations, portraits ; _c23 cm |
||
| 336 |
_2rdacontent _atext _btxt |
||
| 337 |
_aunmediated _2rdamedia _bn |
||
| 338 |
_avolume _bnc _2rdacarrier |
||
| 500 | _aOriginally published: 1983. | ||
| 500 | _aIncludes index. | ||
| 600 | 1 | 7 |
_aBeach, Sylvia, _d1887-1962. _2BUEsh _933932 |
| 650 | 7 |
_aBooksellers and bookselling _zFrance _xParis _xBiography. _2BUEsh _933933 |
|
| 651 | 7 |
_aParis (France) _xIntellectual life. _2BUEsh _933934 |
|
| 653 |
_aFrance _aPublishing _aBeach, Sylvia _aBiographies _cOctober2013 |
||
| 655 | _vReading book | ||
| 942 |
_2ddc _cBB |
||
| 999 |
_c17606 _d17578 |
||